Quizzes
Events
Quiz Creation
Community
Videos
Private Events
Remove Ads
Sign In
Join for FREE
Feedback
Dark Mode
Quiz Categories
Sports
Geography
Music
Movies
Television
Just For Fun
Miscellaneous
History
Literature
Language
Science
Gaming
Entertainment
Religion
Holiday
For Kids
Quiz Lab
Recent
Popular Today
Quiz Kudos Today
Editor Picks
Curator Picks
Quizzes by...
Day
Popularity
Type
Ratings
Length
Year
Community
Subscriptions
Recent Discussions
Orange Saloon
Badges
Playlists
Quests
Create
Leaderboards
Showdown
Live 5
Trivia Bingo
Activity
Puzzle Library
Sporcle Events
Private Events
Virtual Trivia
Globe League
Become a Host
Pub Owners
SporcleCon
Opinionation
Our Games
Videos
Blog
Mobile Apps
Partnerships
Remove Ads and Go Orange
Feedback
Movies
Disney
Marvel Cinematic Universe
Movie Resume
Movie Titles
Oscar
Actor
Actress
Director
Pixar
Role
Movie Quotes
Movie Characters
Box Office
Nominee
Best Picture
Star Wars
James Bond
Horror Movies
Movies
Disney
Marvel Cinematic Universe
Movie Resume
Movie Titles
Oscar
Actor
Actress
Director
Pixar
Role
Movie Quotes
Movie Characters
Box Office
Nominee
Best Picture
Star Wars
James Bond
Horror Movies
Random Quiz
Search Sporcle
×
Quiz Lab
Quiz Lab
Movies
Lyrics
Type in answers that appear in a list
Type in answers that appear in a list
Classic
Best Score? Go Orange.
Guess The Lyrics to This Disney Classic Stats
Can you name the Guess The Lyrics to This Disney Classic?
By
MAUER7
10m
281 Questions
1,619 Plays
1,619 Plays
1,619 Plays
Comments
Comments
Give Quiz Kudos
Give Quiz Kudos
-
- Ratings
hide this ad
Replay
Link that replays current quiz
Next Quiz
Link to next quiz in quiz playlist
You Got
0%
They Got
Avg Score
66%
Avg Friend Score
Upgrade to see
Score Distribution
Jump to the score distribution portion of the page
Score
0/281
Timer
10:00
1
Play Today
% Correct
the
99%
the
99%
the
99%
and
99%
the
99%
a
99%
the
99%
the
99%
the
99%
the
99%
the
99%
the
99%
the
99%
the
99%
the
99%
the
99%
the
99%
the
99%
the
99%
the
99%
and
99%
the
99%
and
99%
the
99%
the
99%
and
99%
the
99%
and
99%
a
99%
a
99%
the
98.7%
and
98.7%
and
98.7%
a
98.7%
a
98.7%
a
98.7%
the
98.7%
the
98.7%
the
98.7%
the
98.7%
the
98.7%
the
98.7%
the
98.7%
the
98.7%
the
98.7%
i
97.5%
moon
97.5%
grinned
97.1%
and
95.8%
i
95.7%
i
95.7%
you
93.4%
you
93.4%
you
93.4%
you
93.4%
you
93.4%
you
93.4%
you
93.4%
you
93.4%
you
93.4%
you
93.4%
you
93.4%
you
93.4%
you
93.4%
you
92.8%
you
92.8%
you
92.8%
you
92.8%
you
92.8%
you
92.8%
you
92.8%
you
92.8%
can
86.8%
can
86.8%
can
86.8%
can
86.8%
he
85.9%
can
85.9%
can
85.9%
can
85.9%
can
85.9%
be
85.5%
be
85.5%
on
84.9%
he
84.3%
is
84.3%
to
83.8%
an
82.6%
is
82.6%
to
82.1%
to
82.1%
of
82.1%
of
82.1%
of
82.1%
% Correct
me
81.1%
of
80.9%
of
80.9%
of
80.9%
of
80.9%
of
80.9%
of
80.9%
know
79.6%
it
79.4%
if
77.3%
if
77.3%
are
77.2%
are
77.2%
are
77.2%
are
77.2%
are
77.2%
in
77.1%
in
77.1%
in
77.1%
why
76.5%
we
76.1%
that
75.9%
that
75.9%
that
75.9%
see
75.8%
know
75.8%
know
75.8%
so
75.5%
so
75.5%
so
75.5%
but
75.2%
all
75%
all
75%
all
75%
ever
75%
why
74.4%
what
74.4%
think
74.3%
have
74.1%
with
73.7%
with
73.7%
with
73.7%
think
73%
think
73%
think
73%
how
72.5%
ever
72.3%
wind
72.3%
wind
72.3%
all
72.2%
all
72.2%
all
72.2%
all
72.2%
all
72.2%
all
72.2%
i'm
72.2%
have
72.1%
or
72%
colors
71.8%
colors
71.8%
who
71.6%
just
71.5%
but
71.3%
but
71.3%
with
71.3%
with
71.3%
with
71.3%
there
70.8%
thing
70.3%
wind
70.1%
wind
70.1%
every
70%
or
70%
blue
69.9%
one
69.7%
colors
69.4%
colors
69.4%
has
69.4%
has
69.4%
has
69.4%
paint
69.3%
paint
69.3%
for
69.2%
moon
68.9%
wolf
68.4%
cry
68.2%
heard
68%
tree
67.9%
don't
67.9%
don't
67.9%
earth
67.6%
blue
67.5%
ask
67.4%
sing
67.3%
% Correct
land
67.1%
land
67.1%
like
67.1%
bobcat
66.9%
life
66.7%
corn
66.7%
my
66.7%
my
66.7%
name
66.4%
paint
66.2%
paint
66.2%
wolf
66.1%
mountain
66%
never
65.8%
never
65.8%
never
65.8%
never
65.8%
cry
65.8%
own
65.7%
rock
65.4%
heard
65.1%
voices
65%
grinning
64.7%
spirit
64.6%
look
64.5%
claim
64.4%
corn
64.3%
sing
64.3%
savage
64.3%
savage
64.3%
you'll
64.2%
bobcat
64.2%
dead
64.2%
creature
64.2%
earth
64%
whatever
63.7%
only
63.5%
people
63.3%
people
63.3%
people
63.3%
mountain
63.2%
knew
62.7%
knew
62.7%
been
62.4%
voices
62.3%
grinning
62.2%
you've
62.1%
much
61.1%
ignorant
60.8%
must
60.1%
many
60%
asked
59.5%
things
59.1%
walk
58.5%
grinned
58.2%
places
57.8%
footsteps
57.6%
stranger
57.5%
guess
57.5%
still
56.9%
learn
56.9%
cannot
56.3%
friends
54.4%
sun
54%
they're
53.3%
come
52.3%
come
52.3%
come
52.3%
once
52.1%
river
51.7%
forest
51.2%
ends
50.7%
wonder
50.7%
brothers
50.7%
run
50.6%
other
50.6%
circle
50.4%
around
50.4%
otter
50.1%
each
49.9%
connected
49.5%
worth
48.9%
hidden
48.8%
pine
48.3%
trail
47.7%
roll
47.6%
taste
47.3%
sweet
47.3%
berries
47.2%
riches
46.8%
hoop
45.2%
rainstorm
42.6%
heron
41.4%
Quiz Playlist
Details
Report
Send in Message
Add To Playlist
Classic:
Type in answers that appear in a list
Last Updated: Feb 16, 2017
Quiz Scoreboard
CHALLENGE
Sign Up to Join the Scoreboard
Show All
Scores
Hide
Comments
May contain spoilers
Recently Published
Presidents Visiting Landmarks
by Hejman
History
7m
An Introduction to Baseball
by treessimontrees
Sports
5m
Movies - When Are They Set?
by FPL_Elf
Movies
5m
More to Explore
Quiz From the Vault
Featured Blog Post
Where Did the Easter Bunny Come From?
hide this ad
You Might Also Like...
Tags
Disney Quiz
Lyrics Quiz
classic
Today's Top Quizzes in Movies
Browse Movies
hide this ad
Today's Top Quizzes in Lyrics
Browse Lyrics
Top Contributed Quizzes in Movies
1
Pick 5 Posters: Directed by Spielberg
2
7-to-1: Pixar Characters
3
Pick 5 Posters: Lowest-Rated Spielberg
4
Pick 5 Posters: Directed by Scorsese
5
Pick 5 Posters: Star & Director
6
Sorting Actors
7
Sorting Actresses
8
12 Movies about Fictional 1960s Events
9
Multi-Oscar Nominations, One Movie, One Winner
10
Pick 5 Posters: Women Directed 2020s
Explore More
Trending Topics
Disney
Kpop
Marvel
Harry Potter
Anime
Crossword
NBA
Song
WWE
Pokémon
The Office
NFL
Country
Puzzle
Soccer
hide this ad
More By:
MAUER7
Quiz
Plays
Rating
Category
Featured
Created
Guess The Lyrics to This Disney Classic
1,619
3.20
Movies
Mar 3, 2011
classic heroes and villans
747
1.14
Entertainment
Dec 16, 2010
Hot Rod Characters
375
3.00
Movies
Dec 16, 2010
Oakland Raiders ALL-Time TD Passes
341
2.40
Sports
Dec 10, 2010
Oakland Raiders Top 20 Sacks
225
4.00
Sports
Dec 12, 2010
Go to Creator's Profile
Score Distribution
Quiz Creator Spotlight
MAUER7
Follow
Send a Message
Quizzes Created
-
Created Quiz Play Count
-
More By This Creator
Popular Quizzes Today
1
Find the US States - No Outlines Minefield
2
Find the Countries of Europe - No Outlines Minefield
3
The Countries of the World
4
Find the US States
5
Popular People in 1961
6
US States
7
Risky Map Clicking: Biggest States A-Z
8
Movies - When Are They Set?
More Movies Quizzes
Pic-a-Quote: Spaceballs
Curator's Pick
Trending Quizzes
Risky Map Clicking: Least Populous States A-Z
1-10 Letter G Words
1-10 Letter F Words
Risky Map Clicking: Next State Alphabetically
Risky Map Clicking: Biggest States A-Z
Recently Updated
Leaping Animals
pecheneg
Reality TV Shows (A-Z)
bhenderson79
Rickey Henderson's Hall of Fame Teammates
pecheneg
Champions League XIs: Arsenal
pecheneg
Quick Pick: Celebrities in WWE's Hall of Fame
aduchscher
A-Z Keypad Blitz II
pecheneg
Multiple Oscar Actors
pecheneg
Mystery Phrase Blitz: Oscar 'Best Actors'
pecheneg
F. Scott Fitzgerald Novels
LTH
Pick 3 Villains
ddd62291
Trending Topics
NBA
Harry Potter
Anime
Kpop
Disney
Crossword
Marvel
Country
The Office
NFL
Pokémon
WWE
Soccer
Puzzle
Song
Your Account Isn't Verified!
In order to create a playlist on Sporcle, you need to verify the email address you used during registration. Go to your
Sporcle Settings
to finish the process.
Report this User
Report this user for behavior that violates our
Community Guidelines
.
Details:
Send Report
Go to the Sporcle.com Mobile Site →
Comments